Panorama de las ciencias ; partículas elementales, la molécula de proteína y otros trabajos /

Guardado en:
Autor Principal: Garrat, Arthur
Formato: Libro
Publicado: Buenos Aires : Eudeba, 1965
Materias:
Etiquetas: Agregar Etiqueta
Sin Etiquetas, Sea el primero en etiquetar este registro!
LEADER 00906nam a22002055a 4500
001 CEM.cems002813
005 20060220000000.0
008 130507s1965##################000#0#####d
003 CEMS
082 0 4 |a 530 
100 1 |a Garrat, Arthur 
245 1 0 |a Panorama de las ciencias ; partículas elementales, la molécula de proteína y otros trabajos /  |c Arthur Garrat 
260 |a Buenos Aires :  |b Eudeba,  |c 1965 
300 |a 303 p. 
505 0 |a Estudio del movimiento. Estudio de las fuerzas. Estudio de los sistemas planetarios. Sobre la estructura y metodo de la ciencia fisica. Los principios de conservacion. Origenes de la teoria atomica en fisica y quimica. Teorias de campo en electricidad y magnetismo. La fisica cuantica de la luz y la materia. El nucleo 
653 |a Astronomia 
653 |a Ciencia 
653 |a Fisica 
653 |a Geofisica 
859 |a CEMS  |b BIB. CEMS - 11 de abril  |h 530  |i G32  |p 6330.78  |t Ej.1